| 000 | 01146cam a2200217 4500 | ||
|---|---|---|---|
| 001 | WB3921-08 | ||
| 008 | 030604n2003 000 0 eng u | ||
| 035 | _a(Sirsi) u122524 | ||
| 245 | _aLow frequency noise affects health | ||
| 260 | _c2003 | ||
| 490 |
_aDEFRA News Release _v(200/03) 4 June 2003 (2) |
||
| 490 |
_aDEFRA News Release _v(199/03) 4 June 2003 (3) |
||
| 520 | _a"A review of published research on low frequency noise and its effects" has been issued by DEFRA, which looks at the impact of low frequency noise on annoyance, sleep patterns, stress and other aspects of human behaviour. It makes recommendations as to its management and examines its causes and results. The launch of the report coincides with national Noise Action Day. Copies of the report are available from +44 (0)8459 335577 or download from http://www.defra.gov.uk/. http://www.defra.gov.uk/news/2003/030604b.htm http://www.defra.gov.uk/news/2003/030604a.htm | ||
| 590 | _aWB | ||
| 650 | _aNOISE LEVELS | ||
| 650 | _aLOW FREQUENCY NOISE | ||
| 650 | _aAMBIENT NOISE | ||
| 650 | _aNUISANCE | ||
| 690 | _aENVIRONMENTAL AND LAND CONSULTANCY | ||
| 942 | _n0 | ||
| 999 |
_c72826 _d72826 |
||